| 000 | 00898nam a2200229 ca4500 | ||
|---|---|---|---|
| 001 | 000030290 | ||
| 003 | RuMoIPM | ||
| 005 | 20260413115054.0 | ||
| 008 | 260413s2003 ru ||||| |||| 00| 0 rus d | ||
| 020 | _a5-93972-208-3 | ||
| 040 |
_aRuMoIPM _brus _ercr |
||
| 041 |
_arus _hger |
||
| 044 | _aru | ||
| 080 | _a51(091) | ||
| 100 | 1 | _aКлейн, Феликс | |
| 245 | 1 | 0 |
_aЛекции о развитии математики в XIX столетии _bВ 2 т. _cФ. Клейн ; Пер. с нем. В. А. Антонова ; Под ред. Б. П. Кондратьева |
| 260 |
_aМосква _aИжевск _bИн-т компьют. исслед. _c2003 |
||
| 500 | _aПер. изд. : Vorlesungen uber die Entwicklung der Mathematik im 19.Jahrhundert | ||
| 700 | 1 |
_aАнтонов, В. А. _eпер. |
|
| 700 | 1 |
_aКондратьев, Борис Петрович _eред. |
|
| 942 | _cBK | ||
| 999 |
_c30290 _d30290 |
||